MARC details
| 000 -CABECERA |
| campo de control de longitud fija |
01789nam a2200373 i 4500 |
| 003 - IDENTIFICADOR DEL NÚMERO DE CONTROL |
| campo de control |
DO-SdBNP |
| 005 - FECHA Y HORA DE LA ÚLTIMA TRANSACCIÓN |
| campo de control |
20240313073821.0 |
| 006 - CÓDIGOS DE INFORMACIÓN DE LONGITUD FIJA--CARACTERÍSTICAS DEL MATERIAL ADICIONAL |
| campo de control de longitud fija |
a||||gr|||| 00| 0 |
| 007 - CAMPO FIJO DE DESCRIPCIÓN FÍSICA--INFORMACIÓN GENERAL |
| campo de control de longitud fija |
ta |
| 008 - DATOS DE LONGITUD FIJA--INFORMACIÓN GENERAL |
| campo de control de longitud fija |
230808e2012 dr aoc|| |||| 00| 0 spa d |
| 040 ## - FUENTE DE LA CATALOGACIÓN |
| Centro catalogador/agencia de origen |
DO-SdBNP |
| Lengua de catalogación |
spa |
| Centro/agencia transcriptor |
BNPHU |
| Normas de descripción |
rda |
| 041 ## - CÓDIGO DE LENGUA |
| Código de lengua original |
spa, eng. |
| 082 #4 - NÚMERO DE LA CLASIFICACIÓN DECIMAL DEWEY |
| Número de edición |
22 |
| Número de documento/Ítem |
S456m |
| 111 2# - ENTRADA PRINCIPAL--NOMBRE DE CONGRESO/REUNIÓN |
| Nombre de congreso/reunión o jurisdicción como elemento de entrada |
Muestra de Cine Medioambiental Dominicana: |
| Número del congreso/reunión o número de parte o sección |
(2º: |
| Fecha del congreso/reunión |
2012: |
| Sede del congreso/Lugar de la reunión |
Santo Domingo) |
| 9 (RLIN) |
83904 |
| 245 10 - MENCIÓN DE TÍTULO |
| Título |
II muestra de cine medioambiental dominicana: |
| Resto del título |
imágenes y recuerdos del 5 al 9 de septiembre de 2012. / |
| Mención de responsabilidad, etc. |
Dirección del proyecto, Natasha Despotovic; coordinación General, Semiramis de Miranda; edición y corrección de estilo, Asunción Sanz, Sonia Vives, Christine Fetzer; fofografía, Anne Casalé, Apolinar Moreno. |
| 246 ## - FORMA VARIANTE DE TÍTULO |
| Título propio/Titulo breve |
2º muestra de Cine Medioambiental Dominicana: |
| Resto del título |
imágenes y recuerdos del 5 al 9 de septiembre de 2012. / |
| 264 #1 - PRODUCCIÓN, PUBLICACIÓN, DISTRIBUCIÓN, FABRICACIÓN Y COPYRIGHT |
| Producción, publicación, distribución, fabricación y copyright |
Santo Domingo : |
| Nombre del de productor, editor, distribuidor, fabricante |
FUNGLODE, |
| Fecha de producción, publicación, distribución, fabricación o copyright |
2012 |
| 300 ## - DESCRIPCIÓN FÍSICA |
| Extensión |
82 páginas : |
| Otras características físicas |
Ilustraciones, fotografías, retratos ; |
| Dimensiones |
28 cm. |
| 336 ## - TIPO DE CONTENIDO |
| Fuente |
rdacontent |
| Término de tipo de contenido |
texto |
| Código de tipo de contenido |
txt |
| 337 ## - TIPO DE MEDIO |
| Fuente |
rdamedia |
| Nombre/término del tipo de medio |
sin mediación |
| Código del tipo de medio |
n |
| 338 ## - TIPO DE SOPORTE |
| Fuente |
rdacarrier |
| Nombre/término del tipo de soporte |
volumen |
| Código del tipo de soporte |
nc |
| 500 ## - NOTA GENERAL |
| Nota general |
Ciudades/cities: Santo Domingo - Santiago - Puerto Plata - Punta Cana - San Francisco de Macorís - Baní - Sosúa. |
| 546 ## - NOTA DE LENGUA/LENGUAJE |
| Nota de lengua/lenguaje |
Libro en español e inglés. |
| 590 ## - NOTA LOCAL (RLIN) |
| Nota local |
Inventariado 2023 / MF |
| 700 1# - PUNTO DE ACCESO ADICIONAL--NOMBRE DE PERSONA |
| Nombre de persona |
Despotovic, Natasha, |
| Término indicativo de función/relación |
director del proyecto. |
| 9 (RLIN) |
83905 |
| 700 1# - PUNTO DE ACCESO ADICIONAL--NOMBRE DE PERSONA |
| Nombre de persona |
Miranda, Semiramis, de, |
| Término indicativo de función/relación |
coordinadora |
| 9 (RLIN) |
83906 |
| 700 1# - PUNTO DE ACCESO ADICIONAL--NOMBRE DE PERSONA |
| Nombre de persona |
Sanz, Asunción, |
| Término indicativo de función/relación |
editor |
| 9 (RLIN) |
83907 |
| 700 1# - PUNTO DE ACCESO ADICIONAL--NOMBRE DE PERSONA |
| Nombre de persona |
Vives, Sonia |
| Término indicativo de función/relación |
editor |
| 9 (RLIN) |
83908 |
| 700 1# - PUNTO DE ACCESO ADICIONAL--NOMBRE DE PERSONA |
| Nombre de persona |
Fetzer, Christine, |
| Término indicativo de función/relación |
edición |
| 9 (RLIN) |
83909 |
| 700 1# - PUNTO DE ACCESO ADICIONAL--NOMBRE DE PERSONA |
| Nombre de persona |
Casale, Anne, |
| 9 (RLIN) |
72639 |
| Término indicativo de función/relación |
fotógrafo |
| 700 1# - PUNTO DE ACCESO ADICIONAL--NOMBRE DE PERSONA |
| Nombre de persona |
Moreno, Apolinar, |
| Término indicativo de función/relación |
fotógrafo |
| 9 (RLIN) |
83910 |
| 710 2# - PUNTO DE ACCESO ADICIONAL--NOMBRE DE ENTIDAD CORPORATIVA |
| Nombre de entidad corporativa o nombre de jurisdicción como elemento de entrada |
Fundación Global Democracía y Desarrollo |
| 9 (RLIN) |
25477 |
| 942 ## - ELEMENTOS DE PUNTO DE ACCESO ADICIONAL (KOHA) |
| Fuente del sistema de clasificación o colocación |
Dewey Decimal Classification |
| Tipo de ítem Koha |
Libro |